Statistics for Historical Monarchs Quiz #4

Click here to take the quiz!

General Stats

  • This quiz has been taken 57 times
  • The average score is 15 of 32

Answer Stats

PositionReignMonarch% Correct
Queen of Scots1542–1567Mary
93%
Bishop of Rome1978–2005John Paul II
85%
Mongol Khan1206–1227Genghis
85%
Bishop of Rome2013–Francis
85%
Mongol Khan1260–1294Kublai
76%
Bishop of Rome2005–2013Benedict XVI
76%
Belgian King1865–1909Leopold II
75%
King of Scots1567–1625James VI
69%
King of Scots1306–1329Robert
62%
Aztec Emperor1502–1520Moctezuma II
60%
King of Sparta489–480 BCLeonidas
58%
Dutch King1544–1584William
56%
King of Italy1861–1878Victor Emmanuel II
51%
Austrian Emperor1848–1916Franz Joseph
51%
Bishop of Rome1939–1958Pius XII
49%
Ottoman Sultan1444–1481Mehmed II
47%
Belgian King2013–Philippe
44%
Ottoman Sultan1520–1566Suleiman
44%
Mansa of Mali1312–1337Musa
40%
King of Italy1878–1900Umberto
36%
Dutch Queen1980–2013Beatrix
36%
Austrian Empress1740–1780Maria Theresa
36%
King of Jordan1999–Abdullah II
33%
King of Scots1040–1057Macbeth
29%
Yugoslav King1918–1921Peter
27%
Bishop of Rome1572–1585Gregory XIII
24%
Rashidun Caliph656–661Ali
20%
Dutch Queen1948–1980Juliana
20%
Ottoman Sultan1280‒1299Osman
18%
Ottoman Sultan1603–1617Ahmed
11%
Korean King1418–1450Sejong
9%
King of Siam1851–1868Mongkut
9%

Score Distribution

Percentile by Number Answered

Percent of People with Each Score

Your Score History

You have not taken this quiz